000 00431nam a2200181Ia 4500
005 20241114020632.0
008 240331s9999 xx 000 0 und d
020 _a086068301X
082 _bSCH
_a823
100 _aSchreiner, O
245 0 _aFrom man to man or perhaps only
260 _aLondon
_bVirago Press Limited
_c1982
300 _axvii, 507
650 _aFemale
650 _aSexuality
650 _aGender
942 _cL
999 _c3322
_d3322